| 000 | 00462nam a2200181Ia 4500 | ||
|---|---|---|---|
| 003 | GCL | ||
| 008 | 140319s9999 xx 000 0 eng d | ||
| 020 | _a1581802641 | ||
| 040 |
_aGCL / _cGCL |
||
| 082 | 0 | 4 |
_a759.0113 _bW P |
| 100 | 1 | _aWELLFORD, LIN | |
| 245 | 1 | 0 |
_aPAINTING ON ROCKS / _cWELLFORD, LIN |
| 260 |
_aنيويورك : _bNORTH LIGHT BOOKS ، _c2001 |
||
| 300 |
_a32 CM ؛ _c221 P |
||
| 650 | 0 | 4 | _aPAINTING |
| 650 | 0 | 4 | _aROCK IN ART |
| 942 |
_2ddc _cBK |
||
| 999 |
_c6622 _d6622 |
||